Star Wars: Rebels Episodes - Statistics

General Stats
  • This quiz has been taken 79 times
  • The average score is 42 of 74
Answer Stats
Season Episode No. Answer % Correct
2 21 Twilight of the Apprentice: Part 1
88%
2 22 Twilight of the Apprentice: Part 2
88%
4 15 Family Reunion - and Farewell
79%
4 10 Jedi Night
79%
2 1 The Siege of Lothal: Part 1
75%
2 2 The Siege of Lothal: Part 2
75%
1 3 Droids in Distress
71%
1 15 Fire Across the Galaxy
71%
3 5 Hera's Heroes
71%
1 1 Spark of Rebellion: Part 1
71%
1 2 Spark of Rebellion: Part 2
71%
3 20 Twin Suns
71%
3 21 Zero Hour: Part 1
71%
3 22 Zero Hour: Part 2
71%
2 12 A Princess on Lothal
67%
4 11 Dume
67%
1 5 Rise of the Old Masters
67%
3 3 The Holocrons of Fate
67%
4 13 A World Between Worlds
63%
3 12 Ghosts of Geonosis: Part 1
63%
3 13 Ghosts of Geonosis: Part 2
63%
4 1 Heroes of Mandalore: Part 1
63%
4 2 Heroes of Mandalore: Part 2
63%
1 11 Idiot's Array
63%
2 16 The Homecoming
63%
3 15 Trials of the Darksaber
63%
4 14 A Fool's Hope
58%
2 5 Always Two There Are
58%
1 8 Empire Day
58%
4 3 In the Name of the Rebellion: Part 1
58%
4 4 In the Name of the Rebellion: Part 2
58%
2 11 Legacy
58%
3 16 Legacy of Mandalore
58%
1 10 Path of the Jedi
58%
4 9 Rebel Assault
58%
3 1 Steps Into Shadow: Part 1
58%
3 2 Steps Into Shadow: Part 2
58%
2 20 The Mystery of Chopper Base
58%
4 12 Wolves and a Door
58%
2 8 Blood Sisters
54%
4 8 Crawler Commandeers
54%
3 19 Double Agent Droid
54%
4 6 Flight of the Defender
54%
2 14 Legends of the Lasat
54%
3 18 Secret Cargo
54%
2 18 Shroud of Darkness
54%
2 19 The Forgotten Droid
54%
2 10 The Future of The Force
54%
3 6 The Last Battle
54%
4 5 The Occupation
54%
2 13 The Protector of Concord Dawn
54%
3 17 Through Imperial Eyes
54%
1 4 Fighter Flight
50%
3 8 Iron Squadron
50%
4 7 Kindred
50%
2 4 Relics of the Old Republic
50%
2 17 The Honorable Ones
50%
3 11 Visions and Voices
50%
1 6 Breaking Ranks
46%
2 6 Brothers of the Broken Horn
46%
3 7 Imperial Supercommandos
46%
1 7 Out of Darkness
46%
2 3 The Lost Commanders
46%
3 9 The Wynkahthu Job
46%
1 12 Vision of Hope
46%
3 4 The Antilles Extraction
42%
2 15 The Call
42%
3 14 Warhead
42%
1 13 Call to Action
38%
1 14 Rebel Resolve
38%
2 7 Wings of the Master
33%
3 10 An Inside Man
29%
2 9 Stealth Strike
25%
1 9 Gathering Forces
21%
No matching quizzes found
Score Distribution
Percent of People with Each Score
Percentile by Number Answered
Your Score History
You have not taken this quiz